000 00435nam a2200181Ia 4500
001 24046
005 20260414151017.0
008 260414t2003||||xx |||||||||||||| ||spa||
041 _aESP
082 _a759
_bK16
100 _aKettenmann, Andrea
_eAUT
245 0 _aFrida Kahlo :
_b1907-1954 - Dolor y pasión
260 _c2003
300 _a96 páginas :
_c23 cm.
650 _aABD
654 _aCAU
942 _cLIB
_dJUS
_fJUS
_2ddc
_n
999 _c24046
_d24046